HORMONAL control of tree growth : proceedings of the Physiology Working Group technical session, Society of American Foresters National Convention, Birmingham, Alabama, USA, October 6-9, 1986

Bibliographic Details
Other Authors: Kossuth, Ross 1941-
Format: Book
Published: Dordrecht; Boston : Hingham, MA, USA : Nijhoff; Distributors for the U.S. and Canada, Kluwer Academic , 1987
Series:Forestry sciences
Subjects:

MARC

LEADER 00000cam a2200000 7i4500
001 0000002371
005 20030531.0
020 0 0 |a 9024736218 
090 0 0 |a 634.9   |b HOR 1987 
245 0 0 |a HORMONAL control of tree growth :   |b proceedings of the Physiology Working Group technical session, Society of American Foresters National Convention, Birmingham, Alabama, USA, October 6-9, 1986   |c edited by Susan V. Kossuth, Steve D. Ross 
260 0 0 |a Dordrecht; Boston :   |b Nijhoff;   |a Hingham, MA, USA :   |b Distributors for the U.S. and Canada, Kluwer Academic ,   |c 1987 
300 |a 243 p. :   |b ill. ;   |c 25 cm. 
440 0 0 |a Forestry sciences 
500 0 0 |a Includes bibliographies and index 
650 0 0 |a Plant hormones   |x Congresses 
650 0 0 |a Plant regulators   |x Congresses 
650 0 0 |a Trees   |x Growth   |x Congresses 
700 0 1 |a Kossuth   |h S. V. 
700 0 1 |a Ross   |h Steve D. ,   |c 1941- 
998 |a JPSM 
999 |a 0000004251   |b Monograph   |c Open Shelf   |e Default branch